| 000 | 00920nam a2200229Ia 4500 | ||
|---|---|---|---|
| 001 | 1660 | ||
| 003 | GE_BSU | ||
| 008 | 181216s||||||||xx |||||||||||||| ||und|| | ||
| 020 | _a999282283 | ||
| 040 | _cGE_BSU | ||
| 080 | _a355/359(075.8) | ||
| 100 | _aმდივნიშვილი,ოტია; ტაველაშვილი,ოთარი; მელქაძე, ტეიმურაზ; | ||
| 245 | _aსაგანგებო სიტუაციები დასამოქალაქო თავდაცვა | ||
| 245 | _bსახელმძღვანელო უმაღ. სასწ. სტუდენტებისათვის | ||
| 260 | _aთბილისი | ||
| 260 | _bმერიდიანი | ||
| 260 | _c2001 | ||
| 300 | _a355 გვ. 19 სმ. | ||
| 541 | _h12 ლ. | ||
| 653 | _aსამოქალაქო თავდაცვა | ||
| 942 | _cBK | ||
| 999 |
_c35777 _d35777 |
||